Course in thermal engineering (Record no. 184829)

000 -LEADER
fixed length control field 00370nam a2200121Ia 4500
008 - FIXED-LENGTH DATA ELEMENTS--GENERAL INFORMATION
fixed length control field 220217s9999||||xx |||||||||||||| ||und||
082 ## - DEWEY DECIMAL CLASSIFICATION NUMBER
Classification number 621.402 DOM
100 ## - MAIN ENTRY--PERSONAL NAME
Personal name Domkundawar, V.M and others
9 (RLIN) 9205
245 #0 - TITLE STATEMENT
Title Course in thermal engineering
260 ## - PUBLICATION, DISTRIBUTION, ETC.
Place of publication, distribution, etc. Dhanpat rai and company
Name of publisher, distributor, etc. New Delhi
Date of publication, distribution, etc. 2013
300 ## - PHYSICAL DESCRIPTION
Extent XVI, 1500p.
Other physical details 500
650 ## - SUBJECT ADDED ENTRY--TOPICAL TERM
Topical term or geographic name entry element HEAT AND MASS TRANSFOR
Holdings
Withdrawn status Lost status Damaged status Not for loan Collection code Home library Current library Shelving location Date acquired Full call number Barcode Date last seen Price effective from Koha item type
        Mechanical Engineering Central Library Central Library Reference 02/18/2022 621.402 DOM 20018 02/18/2022 02/18/2022 Books

Powered by Koha